| 000 | 00308nam a2200085 4500 | ||
|---|---|---|---|
| 999 |
_c524671 _d524671 |
||
| 082 | _aBA27x54 In2im | ||
| 245 | _aImpact evaluation of the scheme of national fellowship and scholarship for higher education of ST students - a reportudents | ||
| 260 |
_aNew Delhi _bMinistry of Tribal Affairs _c2023 |
||
| 300 | _a273p | ||